000 00732nam a2200241Ia 4500
003 OSt
005 20221005120849.0
006 a|||||r|||| 00| 0
007 ta
008 221004b |||||||| |||| 00| 0 eng d
024 _a64647
037 _cTextual
040 _aCRL
_cCRL
_beng
041 _2eng
_aeng
082 _aV1Nt4313:N54, J4
110 _aInternational Commission for Supervision and Control in Viet-Nam.
_9629739
245 0 _aFirst interim report. August 11, 1954 to December 10, 1954.
260 _c1954
650 _aHISTORY
700 _aInternational Commission for Supervision and Control in Viet-Nam.
_9629740
942 _hV1Nt4313:N54, J4
_cTEXL
_2cc
999 _c1039341
_d1039341